Fond má malý prostor pro podporu státního rozpočtu FNM ČR si je vědom své role při vytváření rovnováhy veřejných financí, říká jeho předseda Tomáš Ježek pro SH

Rozhovor s predsedom Fondu národného majetku Tomášom Ježkom. Fond národného majetku (FNM) ČR a štátny rozpočet. Príjmy a výdavky FNM. FNM a predaj akcií na kapitálovom trhu. Legislatíva.

Salvato in:
Dettagli Bibliografici
Autore principale: Ziková, L.
Natura: Capitolo di libro
Lingua:ceco
Soggetti:
Tags: Aggiungi Tag
Nessun Tag, puoi essere il primo ad aggiungerne!!

MARC

LEADER 00000naa a2200000 4500
001 r000424
005 20221205080503.8
041 0 |a cze 
044 |a CZ 
245 1 0 |a Fond má malý prostor pro podporu státního rozpočtu  |b FNM ČR si je vědom své role při vytváření rovnováhy veřejných financí, říká jeho předseda Tomáš Ježek pro SH  |c L. Ziková 
520 |a Rozhovor s predsedom Fondu národného majetku Tomášom Ježkom. Fond národného majetku (FNM) ČR a štátny rozpočet. Príjmy a výdavky FNM. FNM a predaj akcií na kapitálovom trhu. Legislatíva. 
610 2 0 |a FNM ČR Praha 
610 2 0 |a Česko 
610 2 0 |a rozpočet štátny 
610 2 0 |a akcie 
610 2 0 |a legislatíva 
100 1 |a Ziková, L.